Regionálne rozdiely v štruktúre obyvateľstva podľa najvyššieho dosiahnutého vzdelania a vnútorná migrácia na Slovensku
Regionálne rozdiely v štruktúre osôb podľa najvyššieho dokončeného vzdelania. Zmeny vo vzdelanostnej štruktúre okresov medzi rokmi 1991 a 2001. Vnútorná migrácia a jej vplyv na regionálne rozdiely v dosiahnutom vzdelaní.
Uložené v:
| Hlavný autor: | |
|---|---|
| Médium: | Kapitola |
| Jazyk: | Slovak |
| Predmet: | |
| Tagy: |
Žiadne tagy, Buďte prvý, kto otaguje tento záznam!
|
MARC
| LEADER | 00000nla$a2200000$$$4500 | ||
|---|---|---|---|
| 001 | 0146402 | ||
| 005 | 20221107085300.5 | ||
| 041 | 0 | |a slo | |
| 044 | |a CZ | ||
| 245 | 1 | 0 | |a Regionálne rozdiely v štruktúre obyvateľstva podľa najvyššieho dosiahnutého vzdelania a vnútorná migrácia na Slovensku |c Branislav Šprocha |
| 520 | |a Regionálne rozdiely v štruktúre osôb podľa najvyššieho dokončeného vzdelania. Zmeny vo vzdelanostnej štruktúre okresov medzi rokmi 1991 a 2001. Vnútorná migrácia a jej vplyv na regionálne rozdiely v dosiahnutom vzdelaní. | ||
| 610 | 2 | 0 | |a Slovensko |
| 610 | 2 | 0 | |a regióny |
| 610 | 2 | 0 | |a demografia |
| 610 | 2 | 0 | |a štruktúra obyvateľstva |
| 610 | 2 | 0 | |a skupiny vekové |
| 610 | 2 | 0 | |a koncentrácia obyvateľstva |
| 610 | 2 | 0 | |a pohyb obyvateľstva |
| 610 | 2 | 0 | |a kvalifikácia |
| 610 | 2 | 0 | |a vzdelanie |
| 100 | 1 | |a Šprocha, Branislav | |